00678nam a2200193Ia 4500008004100000020001400041082001900055100003900074245006100113250000700174260005500181300003100236500001900267600002700286650001500313942000700328952013400335999001500469240925s9999 xx 000 0 und d a675204496 a621.381548 BER aBerlin ,Howard M.; Getz ,Frank C. 0aPrinciples of Electronic Instrumentation and Measurement aNA aCalifornia:bBrooks/Cole Cengagae Learningc,1988. axxiii,890p.bNAfPhotocopy aIncludes Index aElectronic Engineering aTechnology cBK 001040708ELaUITUbUITUd2002-11-25eKhaliq book Binderg352.40l0o621.381548 BERpQ4759r2024-09-25 07:13:37w2024-09-25yBK c7258d7258